[Event "Lansing op"]
[Site "Lansing"]
[Date "2002.09.01"]
[Round "4"]
[White "Swathell, Gary"]
[Black "Staples, Christian"]
[Result "1/2-1/2"]
[WhiteElo "1500"]
[BlackElo "1775"]
[PlyCount "101"]
[EventDate "2002.08.30"]
[EventType "swiss"]
[EventRounds "7"]
[EventCountry "USA"]
[SourceTitle "EXT 2007"]
[Source "ChessBase"]
[SourceDate "2006.11.23"]
[SourceVersion "1"]
[SourceVersionDate "2006.11.23"]
[SourceQuality "1"]

1. Nf3 f5 2. g3 Nf6 3. Bg2 e6 4. 0-0 d5 5. c4 c6 6. cxd5 cxd5 7. d4 Bd6 8. Bg5 0-0 9. Qc1 Nc6 10. Bf4 Ne4 11. Bxd6 Qxd6 12. Nbd2 Bd7 13. Qd1 Be8 14. Nb3 Bh5 15. a3 b6 16. Rc1 f4 17. Nbd2 Nxd2 18. Qxd2 fxg3 19. fxg3 Rac8 20. Bh3 h6 21. Rcd1 Rf6 22. Nh4 Rcf8 23. Rxf6 Rxf6 24. Rf1 Qf8 25. Rxf6 Qxf6 26. e3 Na5 27. Qc1 Nc4 28. b3 Nd6 29. Qf1 Qe7 30. Ng2 Ne4 31. Nf4 Bf7 32. Qc1 Kh7 33. b4 e5 34. Bf5+ g6 35. Bxe4 dxe4 36. dxe5 Qxe5 37. Ne2 a5 38. bxa5 Qxa5 39. Qc3 Qb5 40. Kf2 Qf5+ 41. Ke1 Qd7 42. Qd4 Qe7 43. Qc3 h5 44. Qb4 Qxb4+ 45. axb4 Be8 46. h4 Kg7 47. Nf4 Bf7 48. Kd2 Kf6 49. Nh3 Ke5 50. Kc3 b5 51. Ng5 1/2-1/2